000 nam a22 7a 4500
999 _c233366
_d233366
003 Nust
005 20170307114041.0
008 170307b xxu||||| |||| 00| 0 eng d
040 _cDLC
082 _a363.125 CAI
100 _aP. Cairney
245 _aThe Road Safety Consequences of Changing Travel Modes
942 _2ddc
_cBK